| 000 | 00476nam a2200205Ia 4500 | ||
|---|---|---|---|
| 008 | 170918s9999 xx 000 0 und d | ||
| 020 | _a9780439740357 | ||
| 050 | _bW119 2006 | ||
| 100 | _aWade, Angela | ||
| 245 | _aNew York City / | ||
| 245 | _cAngela Wade. | ||
| 260 | _aNew York : | ||
| 260 | _bScholastic, | ||
| 260 | _c2006 | ||
| 300 | _a8 pages : | ||
| 300 | _bcolored illustration ; | ||
| 300 | _c23cm. | ||
| 440 | _aScholastic FX books. | ||
| 500 | _a400 | ||
| 999 |
_c341467 _d341467 |
||